Football Brothers - Statistics

General Stats
  • This quiz has been taken 10 times
  • The average score is 10 of 16
Answer Stats
Picture Answer % Correct
Hazard
100%
Mbappe
100%
Neville
100%
Pogba
100%
Boateng
90%
Xhaka
80%
Alcantara
70%
Laudrup
60%
Toure
60%
Khedira
50%
Ayew
40%
Lukaku
40%
Thuram
40%
Bender
30%
da Silva
10%
Timber
10%
No matching quizzes found
Score Distribution
Percent of People with Each Score
Percentile by Number Answered
Your Score History
You have not taken this quiz